[Event "Olimpiadi 2008 - open"]
[Site "Dresda GER"]
[Date "2008.11.23"]
[Round "10"]
[White "Jovanovic, Zo CRO"]
[Black "Mahjoob, M."]
[Result "1-0"]
[WhiteElo "2564"]
[BlackElo "2507"]
[PlyCount "109"]
[EventDate "2008.11.13"]
[Source "www.chesslib.no"]
[SourceDate "2004.05.04"]

1. e4 c5 2. Nf3 g6 3. Bc4 Bg7 4. O-O Nc6 5. c3 e6 6. d4 cxd4 7. cxd4 d5 8. exd5 exd5 9. Bb5 Nge7 10. Bg5 O-O 11. Bxc6 bxc6 12. h3 h6 13. Bf4 g5 14. Be5 f6 15. Bh2 h5 16. Nc3 Nf5 17. Qd3 Qb6 18. Na4 Qa6 19. Qd1 g4 20. Nc5 Qb6 21. hxg4 hxg4 22. Ne1 Qxb2 23. Nc2 Qb6 24. Bf4 Qd8 25. Re1 a5 26. Qd3 Re8 27. Rxe8+ Qxe8 28. Re1 Qf7 29. Ne3 Nxe3 30. Qxe3 Bf5 31. Bh6 Rb8 32. Bxg7 Kxg7 33. Qf4 Rb1 34. Rxb1 Bxb1 35. Qxg4+ Bg6 36. f3 Qe7 37. Qd7 Kf7 38. Kf2 Qxd7 39. Nxd7 Bd3 40. Nc5 Bc4 41. a3 Kg6 42. Ke3 Kf5 43. g4+ Kg5 44. Ne6+ Kg6 45. Kf4 Bd3 46. Kg3 Bc2 47. f4 Bd3 48. Nc5 Be2 49. f5+ Kg7 50. Kf4 Bb5 51. Nb7 a4 52. Nc5 Kf7 53. g5 fxg5+ 54. Kxg5 Kg7 55. f6+ 1-0

[Event "Tch-NED, NED"]
[Site "?"]
[Date "2001.??.??"]
[Round "7"]
[White "Sadler, M."]
[Black "Hausrath, D."]
[Result "0-1"]
[WhiteElo "2630"]
[BlackElo "2440"]
[PlyCount "80"]
[EventDate "2001.??.??"]
[Source "www.chesslib.no"]
[SourceDate "2004.05.04"]

1. e4 c5 2. Nf3 g6 3. Nc3 Bg7 4. g3 Nc6 5. Bg2 Nf6 6. O-O O-O 7. Nh4 d6 8. d3 e5 9. Bd2 Rb8 10. Qc1 Nd4 11. Kh1 b5 12. Bg5 Qd7 13. Qd2 Bb7 14. Rae1 b4 15. Nd5 Nxd5 16. exd5 f6 17. Be3 g5 18. Nf3 Bxd5 19. Bxd4 cxd4 20. Re2 Qb7 21. Ne1 Bxg2+ 22. Nxg2 g4 23. Kg1 f5 24. Nh4 f4 25. c3 dxc3 26. bxc3 Bf6 27. d4 bxc3 28. Qxc3 exd4 29. Qc4+ Qf7 30. Qxf7+ Kxf7 31. Nf5 f3 32. Nxd6+ Kg6 33. Re4 h5 34. h3 Rfd8 35. Nc4 Rb4 36. Rc1 Bg5 37. a3 Ra4 38. Rc2 d3 39. Ne5+ Kf5 40. Nxd3 Rxe4 0-1

[Event "URS-ch sf"]
[Site "Tbilisi"]
[Date "1973.??.??"]
[Round "15"]
[White "Osnos, Viatcheslav"]
[Black "Vasiukov, Evgeni"]
[Result "1/2-1/2"]
[WhiteElo "2510"]
[BlackElo "2560"]
[PlyCount "82"]
[EventDate "1973.??.??"]
[Source "ChessBase"]

1. Nf3 g6 2. e4 c5 3. d4 cxd4 4. Qxd4 Nf6 5. e5 Nc6 6. Qa4 Nd5 7. Qe4 Ndb4 8. Bb5 Bg7 9. a3 Na6 10. O-O Nc5 11. Qe2 Ne6 12. Qe4 Qc7 13. Re1 a6 14. Bc4 b5 15. Bd5 Bb7 16. Nc3 Rb8 17. Bd2 Ba8 18. Qh4 h6 19. Be4 g5 20. Qg3 Bxe5 21. Nxe5 Qxe5 22. Qh3 Qg7 23. Nd5 Ne5 24. Bc3 f6 25. Qf5 O-O 26. Rad1 Nc5 27. f3 Kh8 28. Qh3 Nxe4 29. fxe4 Bxd5 30. exd5 d6 31. Bd4 a5 32. c3 Kh7 33. Rf1 Qg6 34. Qe6 Qf7 35. Qf5+ Qg6 36. Qf2 Kg7 37. Bxe5 fxe5 38. Qa7 Rbe8 39. Qxa5 Rxf1+ 40. Rxf1 Qd3 41. Qa7 Qxd5 1/2-1/2

[Event "Voronezh RUS"]
[Site "?"]
[Date "2005.06.20"]
[Round "8"]
[White "Lastin Alexander"]
[Black "Savchenko Boris"]
[Result "1-0"]
[WhiteElo "2590"]
[BlackElo "2480"]
[PlyCount "35"]
[EventDate "2005.??.??"]
[Source "www.chesslib.no"]
[SourceDate "2004.05.04"]

1. e4 c5 2. Nf3 g6 3. d4 Bg7 4. dxc5 Qa5+ 5. c3 Qxc5 6. Na3 Qc7 7. Nb5 Qd8 8. Bc4 Nf6 9. e5 Ng4 10. h3 a6 11. Nd6+ exd6 12. hxg4 Qe7 13. Qxd6 Nc6 14. Qxe7+ Kxe7 15. Bg5+ Kf8 16. O-O-O Nxe5 17. Nxe5 Bxe5 18. Rde1 1-0

[Event "Tan Chin Nam"]
[Site "Beijing"]
[Date "1998.06.11"]
[Round "4"]
[White "Tong Yuanming"]
[Black "Kudrin, Sergey"]
[Result "1-0"]
[WhiteElo "2505"]
[BlackElo "2565"]
[PlyCount "81"]
[EventDate "1998.06.08"]
[Source "ChessBase"]
[SourceDate "1998.09.30"]

1. e4 c5 2. Nf3 g6 3. c3 d5 4. exd5 Qxd5 5. d4 Bg7 6. dxc5 Qxc5 7. Na3 Nf6 8. Be3 Qa5 9. Nc4 Qc7 10. Qa4+ Bd7 11. Qa3 Nd5 12. O-O-O Nxe3 13. Nxe3 Bc6 14. Bb5 Qf4 15. Be2 Bf6 16. g3 Qe4 17. Rhe1 O-O 18. Nd4 Qe5 19. Ng4 Qc7 20. Nxf6+ exf6 21. Bc4 Bg2 22. Bb5 Nc6 23. Bxc6 Bxc6 24. Re7 Qb6 25. Qd6 Bg2 26. Qxb6 axb6 27. f3 Rxa2 28. Kc2 Rfa8 29. Rxb7 Ra1 30. Rxb6 Rxd1 31. Kxd1 Ra1+ 32. Kd2 Rh1 33. h4 f5 34. Ke3 Bf1 35. b3 Rh2 36. c4 Ra2 37. c5 Ra8 38. c6 Re8+ 39. Kf2 Bd3 40. c7 Kf8 41. Rb8 1-0